South Africa Springboks Rugby - Most Tests as Captain - Statistics

General Stats
  • This quiz has been taken 112 times
    77 since last reset
  • The average score is 5 of 7
Answer Stats
Years Caps Captain % Correct
2003-2011 83 John Smit
94%
2018-2019 20 Siya Kolisi
89%
2007-2015 23 Victor Matfield
86%
1993-1996 29 Francois Pienaar
85%
2012-2015 37 Jean De Villiers
83%
1965-1970 22 Dawie De Villiers
74%
1996-1999 36 Gary Teichmann
26%
No matching quizzes found
Score Distribution
Percent of People with Each Score
Percentile by Number Answered
Your Score History
You have not taken this quiz since the last reset